| 000 | 00583nam a2200205Ia 4500 | ||
|---|---|---|---|
| 003 | GCL | ||
| 008 | 140319s9999 xx 000 0 eng d | ||
| 040 |
_aGCL / _cGCL |
||
| 082 | 0 | 4 |
_a401.0956 _bS L |
| 100 | 1 | _aSULEIMAN, YASSER | |
| 245 | 1 | 0 |
_aLANGUAGE AND IDENTITY IN THE MIDDLE EAST AND NORTH AFRICA / _cSULEIMAN, YASSER |
| 260 |
_a[S.N] : _bCURZON PRESS ، _c1996 |
||
| 300 | _a192 P | ||
| 650 | 0 | 4 | _aLANGUAGES |
| 650 | 0 | 4 | _aLANGUAGE - HISTORY |
| 650 | 0 | 4 | _aLANGUAGE - PHILOSOPHY |
| 650 | 0 | 4 | _aLANGUAGE - MIDDLE EAST |
| 650 | 0 | 4 | _aLANGUAGE - NORTH AFRICA |
| 942 |
_2ddc _cBK |
||
| 999 |
_c15254 _d15254 |
||